Classic McDonald's Character Click Quiz Stats

 Plays Quiz Updated Aug 5, 2018

Score 0/8 Timer 01:30
4 Plays Today
% Correct
Ronald McDonald
98.5%
The Professor
96.5%
Officer Big Mac
96.2%
Fry Kids
95.5%
Mayor McCheese
95.2%
Grimace
91.7%
Captain Crook
91.5%
Hamburglar
89.7%

You're not logged in!

Compare scores with friends on all Sporcle quizzes.
Join for Free
OR
Log In

You Might Also Like...

Show Comments

Extras

Top Quizzes Today


Score Distribution

Your Account Isn't Verified!

In order to create a playlist on Sporcle, you need to verify the email address you used during registration. Go to your Sporcle Settings to finish the process.

Report this User

Report this user for behavior that violates our Community Guidelines.

Details: